One football club for every country - Statistics

General Stats
  • This quiz has been taken 56 times
    43 since last reset
  • The average score is 77 of 210
Answer Stats
Picture Answer % Correct
Greece
94%
Ireland
91%
Switzerland
88%
France
81%
Germany
81%
Belgium
78%
Bolivia
78%
Brazil
78%
Croatia
78%
England
78%
Netherlands
78%
Scotland
78%
Spain
78%
China
75%
India
75%
Italy
75%
Portugal
75%
Slovakia
75%
Australia
72%
Austria
72%
Israel
72%
Russia
72%
Ukraine
72%
Argentina
69%
Chile
69%
Czech Republic
69%
Djibouti
69%
Gibraltar
69%
Türkiye
69%
Azerbaijan
66%
Costa Rica
66%
Hungary
66%
Qatar
66%
Romania
66%
Serbia
66%
Tunisia
66%
United States
66%
Wales
66%
Bahrain
63%
Cyprus
63%
Kazakhstan
63%
Mexico
63%
Poland
63%
Saudi Arabia
63%
South Korea
63%
United Arab Emirates
63%
Albania
59%
Bosnia
59%
Finland
59%
Luxemburg
59%
Moldova
59%
Nepal
59%
South Africa
59%
Viet-nam
59%
Latvia
56%
Montserrat
56%
Norway
56%
Tanzania
56%
Uzbekistan
56%
Brunei
53%
Bulgaria
53%
Cameroon
53%
DRC
53%
Georgia
53%
Japan
53%
Lithuania
53%
Malta
53%
Sudan
53%
Uruguay
53%
Venezuela
53%
Colombia
50%
Faroe Islands
50%
Guinea Bissau
50%
Mali
50%
Morocco
50%
San Marino
50%
Sweden
50%
Belarus
47%
Guam
47%
Mauritania
47%
Montenegro
47%
Slovenia
47%
Syria
47%
Angola
44%
Burkina faso
44%
Cambodia
44%
Cayman Islands
44%
Estonia
44%
Kosovo
44%
Laos
44%
New Zealand
44%
Tajikistan
44%
American Virgin Islands
41%
Andorra
41%
Armenia
41%
Denmark
41%
Egypt
41%
Iceland
41%
Kyrgyzstan
41%
Liechtenstein
41%
Northern Ireland
41%
Turkmenistan
41%
Ecuador
38%
Iraq
38%
Paraguay
38%
Belize
34%
Peru
34%
Gambia
31%
Guatemala
31%
Myanmar
31%
Niger
31%
North Macedonia
31%
Sri Lanka
31%
Thailand
31%
Yemen
31%
Iran
28%
Ivory Coast
28%
Nigeria
28%
Central African Republic
25%
Chinese Taipei
25%
Eswatini
25%
Gabon
25%
Hong Kong
25%
New Caledonia
25%
North Korea
25%
Tahiti
25%
Algeria
22%
Bhutan
22%
Ghana
22%
Indonesia
22%
Malaysia
22%
Mongolia
22%
Senegal
22%
Canada
19%
El Salvador
19%
Ethiopia
19%
Libya
19%
Papua New Guinea
19%
Suriname
19%
Timor Leste
19%
Zambia
19%
Haïti
16%
Namibia
16%
Panama
16%
Sao tome and Principe
16%
Singapore
16%
Somalia
16%
American Samoa
13%
Bangladesh
13%
Cook Islands
13%
Dominican Republic
13%
Guinea
13%
Kenya
13%
Lesotho
13%
Liberia
13%
Macao
13%
Mozambique
13%
Palestine
13%
Zimbabwe
13%
Afghanistan
9%
Anguilla
9%
Bermuda
9%
Botswana
9%
Burundi
9%
Cape verde
9%
Chad
9%
Grenada
9%
Honduras
9%
Jordan
9%
Kuweit
9%
Madagascar
9%
Malawi
9%
Mauritius
9%
Oman
9%
Pakistan
9%
Philippines
9%
Rwanda
9%
Solomon Islands
9%
Tonga
9%
Barbados
6%
Congo
6%
Equatorial Guinea
6%
Guyana
6%
Jamaica
6%
Lebanon
6%
Nicaragua
6%
Saint Kitts and Nevis
6%
Saint-Vincent and the Grenadines
6%
Samoa
6%
Seychelles
6%
Sierra leone
6%
South Sudan
6%
Togo
6%
Trinitad and tobago
6%
Vanuatu
6%
Aruba
3%
Bahamas
3%
Benin
3%
British Virgin Islands
3%
Comores
3%
Cuba
3%
Curacao
3%
Dominica
3%
Fiji
3%
Maldives
3%
Porto Rico
3%
Saint Lucia
3%
Turks and Caicos Islands
3%
Uganda
3%
Antigua and barbuda
0%
No matching quizzes found
Score Distribution
Percent of People with Each Score
Percentile by Number Answered
Your Score History
You have not taken this quiz since the last reset